| 000 | 00624cam a2200217 a 4500 | ||
|---|---|---|---|
| 999 |
_c3282 _d3282 |
||
| 001 | 6474 | ||
| 003 | BD-DhUAP | ||
| 005 | 20200303125158.0 | ||
| 008 | 200303r19991989enka b 000 0deng d | ||
| 020 | _a1856279219 | ||
| 040 |
_aCLU _cCLU _dBD-DhUAP _bEng |
||
| 082 | 0 | 0 |
_a930.1 ANK _223 |
| 100 | 1 | _aAdkins, Lesley. | |
| 245 | 1 | 0 |
_aAn introduction to archaeology / _cLesley Adkins and Roy Adkins. |
| 260 |
_aLondon : _bGrange Books, _cc1989 [Reprinted 1998]. |
||
| 300 |
_a128 pages : _billustrations ; _c30 cm. |
||
| 650 | _aArchaeology. | ||
| 650 |
_aArchaeology _xMethodology. |
||
| 700 | _aAdkins, Roy. | ||
| 942 |
_2ddc _cBK |
||